000 00395nam a22001697a 4500
005 20160701114344.0
008 160701b xxu||||| |||| 00| 0 eng d
020 _a81-225-0091-1
041 _aeng
082 _b20330
100 _aMamaria late Dr CB
_93380
245 _aAgriculture problems of India
260 _bkitab mahal
300 _a892
650 _aAgriculture
_92837
942 _cBK
999 _c5056
_d5054